000 00799nam a22002417a 4500
001 49627
003 UA-OsUOA
005 20230828111617.0
007 ta
008 20071010b un ||||| |||| 00| 0 ukr d
040 _aUA-OsUOA
_bukr
_cUA-OsUOA
_dUA-OsUOA
041 _aukr
080 _a82.09
090 _a82.09
_bМ71
245 _aОлександр Мишуга. Спогади. Матеріали. Листи
_cупоряд. Михайла Головащенка
260 _aК.
_c1971
_bМузична Україна
300 _a778 с.
650 7 _a82 Література. Літературознавство
_2UDC
700 1 _aГоловащенко М.
_eупоряд.
942 _cBK
_2udc
955 _a1
999 _c335738
_d335738